书目信息 |
| 题名: |
汉语阿拉伯语政治外交词典
|
|
| 作者: | 张志祥 主编 | |
| 分册: | ||
| 出版信息: | 北京 外语教学与研究出版社 2011.05 |
|
| 页数: | 56, 728页, [1] 叶图版 | |
| 开本: | 22cm | |
| 丛书名: | ||
| 单 册: | ||
| 中图分类: | D8-61 | |
| 科图分类: | ||
| 主题词: | 外交--wai jiao--汉语--阿拉伯语--词典 | |
| 电子资源: | ||
| ISBN: | 7-5600-3745-3 | |
| 000 | 01054nam0 2200253 450 | |
| 001 | 296905 | |
| 005 | 20110830165648.92 | |
| 010 | @a7-5600-3745-3@b精装@dCNY39.90 | |
| 100 | @a20051223d2011 ekmy0chiy0121 ea | |
| 101 | 0 | @achi@aara |
| 102 | @aCN@b110000 | |
| 105 | @afh e 001yy | |
| 106 | @ar | |
| 200 | 1 | @a汉语阿拉伯语政治外交词典@Ahan yu a la bo yu zheng zhi wai jiao ci dian@f张志祥主编 |
| 210 | @a北京@c外语教学与研究出版社@d2011.05 | |
| 215 | @a56, 728页, [1] 叶图版@c摹真@d22cm | |
| 320 | @a有索引 | |
| 330 | @a迄今为止,以阿拉伯语从事对外工作的人员尚无一部较为详尽、实用的汉语—阿拉伯语政治外交专业工具书。为了弥补这一缺憾,我们利用多年来外事工作中的实践积累,编写成这本《汉语阿拉伯语政治外交词典》。本词典是一部中型语文工具书,主要收集政治外交词汇,也收集一些外事工作中经常涉及的经济、法律、军事、文化、科技、宗教及交际词语和少量的短语,共三万余条。 | |
| 586 | @a | |
| 606 | 0 | @a外交@Awai jiao@x汉语@x阿拉伯语@j词典 |
| 690 | @aD8-61@v5 | |
| 701 | 0 | @a张志祥@Azhang zhi xiang@4主编 |
| 801 | 0 | @aCN@c20110610 |
| 905 | @dD8-61@eZ250 | |
| 汉语阿拉伯语政治外交词典/张志祥主编.-北京:外语教学与研究出版社,2011.05 |
| 56, 728页, [1] 叶图版:摹真;22cm |
| ISBN 7-5600-3745-3(精装):CNY39.90 |
| 迄今为止,以阿拉伯语从事对外工作的人员尚无一部较为详尽、实用的汉语—阿拉伯语政治外交专业工具书。为了弥补这一缺憾,我们利用多年来外事工作中的实践积累,编写成这本《汉语阿拉伯语政治外交词典》。本词典是一部中型语文工具书,主要收集政治外交词汇,也收集一些外事工作中经常涉及的经济、法律、军事、文化、科技、宗教及交际词语和少量的短语,共三万余条。 |
| ● |
| 相关链接 |
|
|
|
正题名:汉语阿拉伯语政治外交词典
索取号:D8-61/Z250
 
预约/预借
| 序号 | 登录号 | 条形码 | 馆藏地/架位号 | 状态 | 备注 |
| 1 | 889581 | 208895819 | 社科库509/509社科库 78排7列3层/ [索取号:D8-61/Z250] | 在馆 | |
| 2 | 889582 | 208895828 | 社科库509/509社科库 78排7列3层/ [索取号:D8-61/Z250] | 在馆 | |
| 3 | 889583 | 208895837 | 社科库509/509社科库 78排7列3层/ [索取号:D8-61/Z250] | 在馆 |